FIVE PEOPLE YOU MEET IN HEAVEN (Record no. 14590)

MARC details
000 -LEADER
fixed length control field 00323nam a2200133Ia 4500
008 - FIXED-LENGTH DATA ELEMENTS--GENERAL INFORMATION
fixed length control field 240624s9999 xx 000 0 und d
041 ## - LANGUAGE CODE
Language code of text/sound track or separate title eng
082 ## - DEWEY DECIMAL CLASSIFICATION NUMBER
Classification number 823 MOR
100 ## - MAIN ENTRY--PERSONAL NAME
Personal name ALBOM MITCH
245 ## - TITLE STATEMENT
Title FIVE PEOPLE YOU MEET IN HEAVEN
260 ## - PUBLICATION, DISTRIBUTION, ETC.
Date of publication, distribution, etc. 2009
Place of publication, distribution, etc. London
Name of publisher, distributor, etc. Sphere
300 ## - PHYSICAL DESCRIPTION
Extent 231 : p. : cm. ; 17
365 ## - TRADE PRICE
Currency code RS
Price amount 15
Holdings
Withdrawn status Lost status Damaged status Not for loan Home library Current library Shelving location Date acquired Source of acquisition Cost, normal purchase price Total Holds Full call number Barcode Date last seen Copy number Price effective from Koha item type
  Missing     IMTN IMTN Rack 39-B 02/24/2010 PSBE 225.00 776 823 MOR 14590 06/24/2024 1 06/24/2024 Books
Designed & Maintained by: LRC IMT Nagpur Contact: lrc@imtnag.ac.in© 2024. All Rights Reserved.